LEADER 01256nam a2200337 i 4500 001 991000899549707536 005 20020507175502.0 008 950608s1979 it ||| | ita 035 $ab10772972-39ule_inst 035 $aLE01304028$9ExL 040 $aDip.to Matematica$beng 082 0 $a511.3 084 $aAMS 01A55 084 $aAMS 01A60 084 $aAMS 03-03 100 1 $aCantini, Andrea$045544 245 12$aI fondamenti della matematica :$bda Dedekind a Tarski /$cAndrea Cantini 260 $aTorino :$bLoescher,$c1979 300 $a260 p. ;$c20 cm. 490 0 $aStoria della scienza ;$v13 650 4$aMathematical logic and foundations 650 4$aMathematical logic-history 650 4$aMathematics-history-19th century 650 4$aMathematics-history-20th century 907 $a.b10772972$b23-02-17$c28-06-02 912 $a991000899549707536 945 $aLE013 01A CAN11 C.1 (1979)$g1$i2013000029689$lle013$o-$pE0.00$q-$rl$s- $t0$u8$v0$w8$x0$y.i10871548$z28-06-02 945 $aLE013 01A CAN11 C.2 (1979)$g2$i2013000047102$lle013$o-$pE0.00$q-$rl$s- $t0$u4$v0$w4$x0$y.i1087155x$z28-06-02 996 $aFondamenti della matematica$9345559 997 $aUNISALENTO 998 $ale013$b01-01-95$cm$da $e-$fita$git $h2$i2 LEADER 03235nam 2200613 a 450 001 9910143293503321 005 20200520144314.0 010 $a1-280-85102-3 010 $a9786610851027 010 $a0-470-76111-3 010 $a1-4051-7853-1 035 $a(CKB)1000000000341924 035 $a(EBL)293107 035 $a(OCoLC)437178892 035 $a(SSID)ssj0000100075 035 $a(PQKBManifestationID)11130754 035 $a(PQKBTitleCode)TC0000100075 035 $a(PQKBWorkID)10019100 035 $a(PQKB)10048796 035 $a(MiAaPQ)EBC293107 035 $a(EXLCZ)991000000000341924 100 $a20050309d2005 uy 0 101 0 $aeng 135 $aur|n|---||||| 181 $ctxt 182 $cc 183 $acr 200 10$aAfter the three Italies $ewealth, inequality and industrial change /$fMichael Dunford and Lidia Greco 210 $aMalden, MA $cBlackwell Publishing$dc2005 215 $a1 online resource (374 p.) 225 1 $aRGS-IBG book series 300 $aDescription based upon print version of record. 311 $a1-4051-2520-9 320 $aIncludes bibliographical references (p. [296]-311) and index. 327 $aIntroduction : growth, inequality and the territorial division of labour -- Convergence, divergence, regional economic performance and the new economic geographies -- Theorising regional economic performance and the changing territorial division of labour : value chains, industrial networks, competition and governance -- Growth and inequality : the political economy of Italian development -- Institutional dynamics and regional performance -- Italian regional evolutions -- Industrial change and regional development : the changing sectoral profile of regional development and the evolving regional profile of industrial change -- Globalization, industrial restructuring and the Italian motor vehicle industry -- Reconfiguring industrial activities and places : the Italian chemical industry -- Conclusion and further remarks. 330 $aAfter the Three Italies develops a new political economy approach to the analysis of comparative regional development and the territorial division of labour and exemplifies it through an up-to-date account of Italian industrial change and regional economic performance.Responds to recent theoretical debates in economic geography, involving economists, geographers and planners. Builds the foundations for a new theoretical approach to regional economic development and the territorial division of labour. Draws on the results of a recent ESRC funded research p 410 0$aRGS-IBG book series. 606 $aRegionalism$xEconomic aspects$zItaly 606 $aIndustries$zItaly 606 $aIncome distribution$zItaly 607 $aItaly$xEconomic conditions$y1994-$xRegional disparities 615 0$aRegionalism$xEconomic aspects 615 0$aIndustries 615 0$aIncome distribution 676 $a338.945 700 $aDunford$b Michael$0629132 701 $aGreco$b Lidia$f1969-$0605685 801 0$bMiAaPQ 801 1$bMiAaPQ 801 2$bMiAaPQ 906 $aBOOK 912 $a9910143293503321 996 $aAfter the three Italies$91464671 997 $aUNINA